J. V. Stalin : Esbozo biográfico /

Guardado en:
Formato: Libro
Idioma:Undetermined
Publicado: Buenos Aires : Editorial Problemas, 1946.
Materias:
Etiquetas: Agregar Etiqueta
Sin Etiquetas, Sea el primero en etiquetar este registro!
LEADER 00477nam a22001455a 4500
001 EHU.bham049238
005 20111219095754.0
008 111219s1946####ag############000#0#und#d
245 0 0 |a J. V. Stalin :  |b Esbozo biográfico /  |c [Instituto Marx- Engels- Lenin, Moscú]. 
260 |a Buenos Aires :  |b Editorial Problemas,  |c 1946. 
300 |a 172 p. 
653 |a Rusia 
653 |a U.R.S.S. 
653 |a Socialismo ruso 
859 |a AR-BHAM  |b BIB. HUMANIDADES - Donacion Lejarraga  |h MFN003457  |p 003457.19